Zgadnij stan U.S.A po jednej emotce - Statystyki

Ogólne statystyki
  • Ten quiz został rozwiązany 17 razy
  • Średni wynik to 7 z 10
Statystyki odpowiedzi
Hint Odpowiedź % Poprawnych
🎬 Kalifornia
100%
🗽 Nowy York
93%
🌴 Floryda
87%
🏝️ Hawaje
87%
🌄 Arizona
80%
🇲🇽 Nowy Meksyk
80%
🌨️ Alaska
67%
👽 Nevada
67%
🦬 Kolorado
47%
🤠 Kanzas
40%
Nie znaleziono quizów pasujących do podanych kryteriów
Rozkład punktacji
Procent ludzi z każdym wynikiem
Percentyl według liczby udzielonych odpowiedzi
Twoja historia wyników
Nie rozwiązałeś tego quizu